Záľuba vo vyšívaní prináša radosť

Bibliographic Details
Format: Article
Language:Slovak
PhysicalDescription:Fotogr.
Subjects:

MARC

LEADER 00000nab a2200000 a 4500
001 vtls009485088
003 SK-MaSNL
005 20260303230924.0
008 171109c2009 xo wr per 000 0 slo
038 |a PPPK 
040 |a PPPKCL  |b slo  |c PPPK  |e AACR2 
041 0 |a slo 
044 |a xo  |c SK 
080 |a 745/749  |2 2001 
080 |a 746.3  |2 2001 
080 |a 745.52  |2 2001 
245 0 0 |a Záľuba vo vyšívaní prináša radosť  |c [autor] (mar) ; foto Marta Marová 
300 |b Fotogr. 
600 1 7 |a Hrabkovská, Anna  |2 pppkcl  |9 1265402 
650 0 7 |a umelecké remeslá  |2 pppkcl  |9 3094 
650 0 7 |a ručné práce  |2 pppkcl  |9 3095 
650 0 7 |a gobelíny  |2 pppkcl  |9 23412 
650 0 7 |a vyšívanie  |2 pppkcl  |9 3100 
650 0 7 |a rodáci  |2 snkbucl  |9 30842 
651 7 |a Poprad (Slovensko)  |2 pppkcl  |9 20155 
773 0 |t Poprad : noviny občanov mesta  |g Roč. XX, č. 11 (2009), s. 5 
852 |a PPPK  |b KIS3GCP 
999 |c 2264355  |d 2266285